| 000 | 00832nam0a22002411 4500 | ||
|---|---|---|---|
| 001 | rc\2611210 | ||
| 005 | 20250623134744.0 | ||
| 035 | _a(NLR Aleph) 006775078 | ||
| 090 |
_a5985124 _c5985124 |
||
| 100 | _a20110914d1930 |||y0rusy50 ca | ||
| 101 | 0 | _arus | |
| 102 | _aRU | ||
| 105 | _aa z ||||| | ||
| 200 | 1 |
_aУкраинский государственный театр малых форм "Веселий пролетар" _eК его участию во Всесоюз. олимпиаде искусств _fСемен Гец |
|
| 210 |
_aХарьков _cУкраiнський робiтник _d1930 |
||
| 215 |
_a30 с., [2] с. _cил. _d15 см. |
||
| 700 | 1 |
_aГец _bС. _gСемен |
|
| 801 | 0 |
_aRU _bNLR _gpsbo |
|
| 801 | 1 |
_aRU _bELAR _2rusmarc |
|
| 852 |
_aNLR _j30.8/8000 |
||
| 942 | _cBOOK | ||
| 980 | _aNB | ||